Koleksi Ucapan Menteri Besar Selangor

Bibliographic Details
Main Author: Abu Hassan bin Haji Omar,Dato Seri (Dr.) Haji
Other Authors: Abu Hassan bin Haji Omar,Dato' Seri (Dr.) Haji
Format: Book
Published: Shah Alam : Pejabat Menteri Besar , 1999
Subjects:

MARC

LEADER 00000cam a2200000 7i4500
001 0000053978
005 20091009.0
020 |a 9834006403 
090 0 0 |a 338.9595115   |b KOL 
100 0 |a Abu Hassan bin Haji Omar,Dato Seri (Dr.) Haji, 
245 0 0 |a Koleksi Ucapan Menteri Besar Selangor   |c Abu Hassan bin Haji Omar,Dato' Seri (Dr.) Haji 
260 |a Shah Alam :   |b Pejabat Menteri Besar ,   |c 1999 
300 |a 980p. ;   |c 25cm. 
650 0 0 |a Economic condition   |z Selangor 
650 0 0 |a Politics and government   |z Selangor 
650 0 0 |a Social conditions   |z Selangor 
650 0 0 |a Speeches, addresses, etc. 
700 0 |a Abu Hassan bin Haji Omar,Dato' Seri (Dr.) Haji, 
999 |a 126379   |b BUKU   |c RUJUKAN   |e PERPUSTAKAAN KOMUNITI PETALING JAYA 
999 |a 126380   |b BUKU   |c RUJUKAN   |e PERPUSTAKAAN KOMUNITI PETALING JAYA 
999 |a 126382   |b BAHAN MONOGRAF   |c KOLEKSI BAHAN ARKIB   |e PERPUSTAKAAN KOMUNITI PETALING JAYA